000 00686cam a22002411 4500
999 _c533161
_d533161
001 8718510
003 NUST
005 20191213111831.0
008 760423s1918 enkf 000 0 eng
010 _a 19013826
035 _a(OCoLC)2133762
038 _aMSOHAIL
040 _aDLC
_cOAU
_dDLC
050 0 0 _aTG260
_b.M78 1919
082 _a624 MOR
100 1 _aMorley, Arthur,
_d1876-
_926910
245 1 0 _aTheory of structure,
260 _aLondon,
_bNew York [etc]
_bMcGraw Hill.,
_c1918.
300 _axi, 421 p.
_biv fold. pl., diagrs.
_c23 cm.
650 0 _aStructural analysis (Engineering)
_9654
906 _a7
_bcbc
_coclcrpl
_du
_encip
_f19
_gy-gencatlg
942 _2ddc
_cBK